[Event "Olympiad-36"]
[Site "Mallorca"]
[Date "2004.10.27"]
[Round "12"]
[White "Dautov, Rustem"]
[Black "Ibrayev, Nurlan"]
[Result "1/2-1/2"]
[WhiteElo "2623"]
[BlackElo "2476"]
[Annotator "Dautov,R"]
[PlyCount "76"]
[EventDate "2004.10.15"]
[EventType "team-swiss"]
[EventRounds "14"]
[EventCountry "ESP"]
[SourceTitle "CBM 104"]
[Source "ChessBase"]
[SourceDate "2005.01.27"]
[SourceVersion "1"]
[SourceVersionDate "2005.01.27"]
[SourceQuality "1"]
[WhiteTeam "Germany"]
[BlackTeam "Kazakhstan"]
[WhiteTeamCountry "GER"]
[BlackTeamCountry "KAZ"]

1. d4 {Gershon} Nf6 2. c4 e6 3. Nf3 b6 4. g3 Ba6 5. Qb3 {Dieser Zug erfreut
sich in letzter Zeit großer Beliebheit.} Nc6 6. Nbd2 Na5 7. Qc3 c5 8. dxc5 bxc5
9. e4 Bb7 10. e5 Ne4 11. Nxe4 Bxe4 12. Bg2 Be7 13. O-O O-O {Die anderen
Fortsetzungen sind hier 13...Rb8 und 13...Nc6.} (13... Rb8 {Gershon} 14. b3 (
14. Re1 Bg6 15. Be3 O-O 16. Rad1 h6 17. Nd2 f5 18. Nb3 Nxb3 19. axb3 Qc7 $11 {
Postny,E-Gruenfeld,Y/Israel 2003}) 14... Nc6 15. Bb2 O-O 16. Qe3 Bg6 17. Rfd1
Qc7 18. Ne1 $5 {Gelfand,B-Almasi,Z/Budapest 2003}) 14. Bd2 ({After the
naturally looking} 14. Be3 {Gershon: white would find it difficult to get rid
of the black bishop on e4.} Nc6 {[%cal Gd8a5,Ga8b8] an the position is about
equal.}) 14... Nc6 15. Qe3 Bg6 $146 {Der erste neue Zug. In den beiden
Vorgängerpartien spielte Gelfand 15...Bxf3.} ({Gershon: Personally, I prefer} 
15... Bxf3 {Gershon: 'but it's a matter of taste.'} 16. Bxf3 Nd4 17. Bc3 {
Gershon: 'White must solve the "knight issue" fast. If black is able to play
f6 and Bxf6 he would get a hold of the 'd4' square for good. Finkel,A: 'White
is trying to get rid of the knight as fast as he can. If black is able to play
f6 and Bxf6 he would get a hold of the 'd4' square for good.''} (17. Bxa8 $143
{Gershon} Qxa8 {[%cal Gd4f3]} 18. f3 Nc2 19. Qd3 Nxa1 20. Rxa1 Qc6 {[%cal
Gf7f6] is good for black! '<=>' Finkel,A.}) 17... Rb8 $1 {'!?' Gershon.
Gershon: 'This move is an improvment comparing to the game Lautier-Gelfand.
Black's idea is very simple and at the same time very efficient: he is ready
to give up a pawn for trading his knight for the white's darksquared bishop.
In return black imposes on white multiple trade over the d-file and blockade
of the queenside pawns of white. ' Ein starkes positionelles Bauernopfer.
Schwarz erreicht eine perfekte schwarzfeldrige Blockade.} (17... Nxf3+ 18. Qxf3
f6 19. Rad1 Rb8 20. Qe3 Qc7 21. Rd3 Qc6 22. Rfd1 {Gershon: '1/2-1/2 Lautier,
J-Gelfand,B/Cannes 2002/CBM 88/[Gershon] '} Rb7 23. exf6 Bxf6 24. Rd6 Qc8 25.
Bxf6 Rxf6 26. b3 $14 {Lautier,J-Gelfand,B/Cannes 2002}) 18. Bxd4 cxd4 19. Qxd4
Qc7 20. Rad1 Rfd8 21. b3 d6 22. exd6 Bxd6 23. Qe4 Bc5 {Gershon: '1/2-1/2
Bareev,E-Gelfand,B/Sochi 2004/CBM 101/[Finkel,A] (45)'} 24. Kg2 a5 $14 {
Bareev,E-Gelfand,B/Sochi 2004}) 16. Bc3 Qb6 {Gershon: 'Black is going to
protect his only weakness on d7 with a rook, and then try to break free with a
thematic f7-f6 advance.'} 17. Rfd1 {Die naheliegende Turmverdopplung auf der
d-Linie.} Rad8 $1 {Gershon: 'Of course, keeping a rook on f8 to execute the
next part of the plan.' Dieser Turm übernimmt die Verteidigung der Schwäche d7,
der andere wird für das mögliche Gegenspiel mit f7-f6 auf dem Königsflügel
bleiben.} (17... Rfd8 18. Rd2 a5 19. Rad1 Qa7 20. Nh4 (20. h3 Rab8) 20... Bh5
21. Bf3 Bxf3 22. Nxf3 $14) 18. Rd2 a5 {'!?' Gershon. Gershon: 'The point is to
put a queen on a7, where it would protect both the 'c5' and the 'd7' pawns. '}
(18... d5 19. exd6 Bxd6 20. Nh4 (20. Rad1 Be7 21. Nh4 $14) 20... Nd4 $1 21.
Nxg6 hxg6 22. Rad1 e5 23. Bd5 $14) (18... f6 {Gershon} 19. Rad1 $16) 19. Rad1
Qa7 20. a3 $6 {Diese Prophylaxe war unnötig, denn nach 20...Nb4 hat Weiß die
Antwort 21.b3. Besser war sofort 20.Nh4!, mit Abtausch eines schwarzen Läufers.
} (20. h3 Nb4 21. b3 $14 (21. a3 $2 Na2 $11)) (20. Nh4 $1 Bh5 ({Nach} 20...
Bxh4 $6 21. gxh4 Bh5 22. f3 {wird der schwarze König bald die Gefahren der
halboffenen g-Linie spüren.} h6 23. Kh1 Nb4 24. b3 Nc6 25. Bh3 $16) 21. Bf3
Bxf3 22. Nxf3 f6 {bleibt Schwarz passiv, rückt der weiße h-Bauer vor.} 23. exf6
Bxf6 24. Ne5 Bxe5 25. Bxe5 Nxe5 26. Qxe5 $14 {Dank der Schwäche d7 hat Weiß
einen langfristigen Vorteil.}) (20. Ng5 {[%cal Gg5e4] Gershon was worth
serious consideration.} f6 (20... Qc7 21. f4 $14)) 20... a4 $1 {
Selbstverständlich fixiert Schwarz gerne den gegnerischen Damenflügel.} 21. h3
$6 {Die Überführung des Springers nach g4 erlaubt Schwarz ein chancenreiches
Bauernopfer. Vorzuziehen war nach wie vor 21.Nh4!} (21. Nh4 $1 Bh5 22. Bf3 Bxf3
23. Nxf3 $14) 21... h6 (21... f6 $6 22. Nh4 Nd4 23. Nxg6 hxg6 24. exf6 Bxf6 25.
Qe4 Nf5 26. Qg4 $16) 22. Nh2 Nd4 $1 (22... Qc7 $6 23. Ng4 Rfe8 24. Be4 Bxe4 25.
Qxe4 $14) 23. Bxd4 (23. Rxd4 $5 {Gershon} cxd4 24. Bxd4 Qa6 25. Bb6 Qxc4 (25...
Rb8 26. c5) 26. Bxd8 Rxd8 $15) 23... cxd4 24. Qxd4 Bc5 {Gershon: 'In the cost
of a pawn (which is barely felt, due to white's poor pawn structure on the Q
side) black has activated his dark squared bishop, and gained initiative!' 
Der starke schwarze Läufer erwachte zum Leben, und bald wird ihm auch der
schlafende Turm f8 folgen. Schwarz hat eine ausreichende Kompensation für den
Bauern.} 25. Qg4 (25. Qc3 $2 Rb8 $1 {gab Schwarz eine gefährliche Initiative.})
25... Bf5 ({In Frage kam auch} 25... Qc7 $5 26. Qe2 f6 27. exf6 Rxf6 28. Ng4
Rf5 29. Ne3 Re5 $44) 26. Qe2 f6 27. Nf1 $2 {Ich unterschätzte den folgenden
Zug von Schwarz. Mit 27.exf6! konnte Weiß seinen Mehrbauern behalten und den
Punkt f2 ausreichend schützen, allerdings ohne einen Vorteil zu erzielen.} (27.
exf6 $1 Rxf6 28. Kh1 d6 29. Ng4 Bxg4 (29... Rff8 30. Ne5 $14) 30. Qxg4 Bxf2 $1
(30... Qb6 $6 31. Re2 $14) 31. Rxd6 Rxd6 32. Rxd6 Qe3 33. Rd8+ Rf8 34. Rxf8+
Kxf8 $11) 27... Bg6 $1 28. exf6 Rxf6 {Weiß kann nun den Bauernverlust nicht
vermeiden und muß um den Ausgleich kämpfen.} 29. Ne3 Rxf2 $1 ({Oder} 29... Rdf8
$1 30. Ng4 R6f7 31. Qe5 $1 Bxf2+ 32. Rxf2 Rxf2 33. Nxf2 Qxf2+ 34. Kh2 $11) 30.
Kxf2 Rf8+ 31. Kg1 (31. Bf3 $4 Be4 $19) 31... Bxe3+ 32. Kh2 Rf2 (32... Bxd2 33.
Rxd2 $11 (33. Qxd2 $2 Rf2 $17)) 33. Qe1 $11 Bxd2 34. Rxd2 Rxd2 35. Qxd2 Qc5 (
35... Kh7 36. c5 Qxc5 37. Qxd7 Qc4 38. Qc6 Qb3 39. Qc3 $11) 36. Qxd7 Qxc4 37.
Qd2 Kh7 38. Qe3 h5 1/2-1/2

[Event "Madrid"]
[Site "Madrid"]
[Date "1992.??.??"]
[Round "7"]
[White "Epishin, Vladimir"]
[Black "Yudasin, Leonid"]
[Result "1/2-1/2"]
[WhiteElo "2620"]
[BlackElo "2580"]
[Annotator "Dautov,R"]
[PlyCount "61"]
[EventDate "1992.05.??"]
[EventType "tourn"]
[EventRounds "9"]
[EventCountry "ESP"]
[EventCategory "13"]
[SourceTitle "CBM 030"]
[Source "ChessBase"]
[SourceDate "1992.10.01"]
[SourceVersion "1"]
[SourceVersionDate "1992.10.01"]
[SourceQuality "1"]

1. d4 Nf6 2. c4 e6 3. Nf3 b6 4. g3 Ba6 5. b3 d5 6. Bg2 Nbd7 {N} 7. cxd5 Bb4+ (
7... Nxd5 8. O-O Be7 9. Bb2 O-O 10. Re1 $14) 8. Bd2 Bxd2+ 9. Qxd2 Nxd5 (9...
exd5 10. O-O O-O 11. Nc3 $14) 10. Nc3 Bb7 (10... Nxc3 $5 11. Qxc3 O-O 12. Ne5
Nxe5 13. dxe5 Rc8 14. Rd1 Qe7 15. Bf3 c5 16. O-O Rfd8 $10) 11. O-O O-O 12. Rac1
Rc8 $2 (12... c5 13. Nh4 N7f6 14. dxc5 Nxc3 15. Qxc3 Bxg2 16. Kxg2 Ne4 17. Qc2
Nxc5 18. b4 $16) (12... Nxc3 $142 13. Qxc3 Rc8 14. Rfd1 Qe7) 13. Nb5 $1 a5 14.
Na7 Ra8 15. Nc6 Qe8 16. e4 N5f6 17. Rfe1 (17. Nfe5 $5 Nxe5 18. dxe5 Nd7 19. Qc2
Nc5 20. Nd4 Qe7 21. Rfd1 $14) (17. e5 Nd5 18. Ng5 h6 19. Bxd5 exd5 20. Nf3 $14)
17... Nb8 18. Nxb8 (18. Nce5 $6 Bxe4 19. Rxc7 Na6) 18... Rxb8 19. Qc2 (19. d5
exd5 20. exd5 Qd8 21. Ne5 Nxd5 22. Nc6 Bxc6 23. Rxc6 Nb4 24. Qxd8 Rbxd8 25.
Rxc7 Nxa2 $10) (19. Ne5 $5) 19... h6 20. Ne5 Rc8 21. d5 (21. Nc6 Bxc6 22. Qxc6
Qxc6 23. Rxc6 Rfd8 24. Rc4 Rd7 25. Rec1 Rcd8 26. e5 (26. Rxc7 Rxc7 27. Rxc7
Rxd4 $10) 26... Nd5 27. Kf1 $14) 21... Nd7 (21... exd5 22. exd5 Qd8 23. Nc6
Bxc6 24. Qxc6 $16) 22. Nc4 (22. Nc6 Bxc6 23. dxc6 Nc5 24. a3 Rd8 25. Red1 e5
$10) (22. Nxd7 $1 Qxd7 23. Bh3 c5 24. Qc4 $1 $16 {><e6}) 22... exd5 23. exd5
Qd8 24. Qf5 (24. Bh3 Bxd5 25. Rcd1 c6 26. Bxd7 Qxd7 27. Nxb6 Qh3 28. Nxd5 cxd5
29. Qd2 Rc5 30. Re5 $14) 24... Nf6 25. Rcd1 Re8 26. Rxe8+ Qxe8 27. Ne3 (27. d6
Bxg2 28. Kxg2 cxd6 29. Rxd6 Rc6 30. Rd2 Rc5 $10) 27... Rd8 28. Rc1 (28. h4 $5
Qd7 29. Qe5 Qd6 30. Qc3 $14) 28... Qd7 $10 29. Qe5 Nxd5 30. Bxd5 Bxd5 31. Nxd5
1/2-1/2

[Event "Helsinki op"]
[Site "Helsinki"]
[Date "1992.??.??"]
[Round "4"]
[White "Magerramov, Elmar S"]
[Black "Kachiani Gersinska, Ketino"]
[Result "1-0"]
[WhiteElo "2565"]
[BlackElo "2360"]
[Annotator "Dautov,R"]
[PlyCount "133"]
[EventDate "1992.09.??"]
[EventType "swiss"]
[EventRounds "9"]
[EventCountry "FIN"]
[SourceTitle "CBM 032"]
[Source "ChessBase"]
[SourceDate "1993.02.01"]
[SourceVersion "1"]
[SourceVersionDate "1993.02.01"]
[SourceQuality "1"]

1. d4 Nf6 2. c4 e6 3. Nf3 Bb4+ 4. Bd2 a5 5. g3 (5. Nc3 b6 6. e3) 5... b6 6. Bg2
(6. Nc3 Ba6 7. b3 O-O 8. Bg2 c6 9. a3 Be7 10. Bg5 d5 11. Bxf6 Bxf6 12. cxd5
cxd5 13. O-O Nd7 14. Qd2 Be7 15. Rfc1 b5 16. e3 b4 17. axb4 Bxb4 18. Qb2 Qb8
19. Ne2 Rc8 20. Nf4 Qd6 $10 {Karpov,An-Yusupov,A Linares 1992}) 6... Ba6 7. Qc2
(7. b3 O-O 8. O-O Bb7 9. Nc3 Ne4 10. Nxe4 Bxe4 11. Ne5 Bxg2 12. Kxg2 Nc6 $1 13.
Nf3 d5 14. Rc1 Ba3 15. Rc2 Qd7 16. Bc3 a4 17. Qd3 axb3 18. axb3 Rfd8 $10 {
Vyzmanavin,A-Christiansen,L Manila ol 1992}) 7... O-O 8. O-O c5 (8... c6 9. Bf4
Be7 10. Nbd2 d5 11. b3 Nbd7 12. e4 Rc8 13. e5 Nh5 14. Be3 g6 15. Rfd1 Ng7 16.
g4 f5 17. exf6 Bxf6 18. Rac1 Be7 $13 {Serebrjanik,A-Topalov,V Vrnjacka Banja
1991}) 9. Bf4 (9. Rd1 Ra7 10. e4 cxd4 11. Bxb4 axb4 12. e5 Ne8 13. Rxd4 Nc6 14.
Rh4 h6 15. Nbd2 d6 16. exd6 Nxd6 17. Nd4 Ne7 $15 {Lobron,E-Yusupov,A BL91/92
FTG Frankfurt-Bayern 1991}) 9... cxd4 $8 10. Nxd4 Ra7 (10... d5 $1 11. b3 $2 (
11. cxd5 Nxd5 12. Nc3 Nxf4 13. Bxa8 Qxd4 14. gxf4 Qxf4 $44) 11... Bc5 12. Rd1
Nbd7 13. Bg5 Rc8 $17 {Tinius,M-Schlosser,P BL92/93 Bayern-Empor 1992}) 11. Nc3
$1 d6 (11... Bxc4 $4 12. Ncb5 Bxb5 13. Nxb5 Ra6 14. Bb7 $18) 12. Ndb5 Rd7 13.
b3 (13. Rfd1 $5 Bxc3 14. Qxc3 Bxb5 15. cxb5 $16) 13... h6 14. Rfd1 d5 15. cxd5
Nxd5 16. Nxd5 exd5 (16... Bxb5 $2 17. Nxb4 axb4 18. Rxd7 Qxd7 19. Rd1 Qc8 20.
Qxc8 Rxc8 21. Bxb8 Rxb8 22. Bf3 $16 {/\Rd4}) 17. Nd4 $16 Qf6 18. Bh3 Re7 19. e3
Ba3 20. Qf5 Nd7 21. Qxd5 Ne5 22. Bg2 (22. Bf1 Bb7 23. Bxe5 Qxe5 24. Qxe5 Rxe5
25. Nb5 Bc5 26. Be2 $16) 22... Nd3 23. Qf5 Re6 $1 24. Bf1 Qxf5 25. Nxf5 Nxf4
26. Bxa6 Nh3+ 27. Kg2 Rf6 28. e4 Nxf2 29. Kxf2 g6 30. g4 gxf5 31. gxf5 Re8 32.
Kf3 Rd6 33. Bc4 Kf8 34. Bd5 Bb2 35. Rab1 Be5 36. h3 Rc8 37. Rbc1 Rdd8 38. Kg4 {
><h6} Ke7 39. Kh5 Kf6 40. Rxc8 Rxc8 41. Bc4 Kg7 42. a4 Bf4 43. Rd5 Rc5 44. Rd8
Rc7 45. h4 Re7 (45... Be5 46. Re8 f6 47. Rg8+ Kh7 48. Rg6 $18) 46. Bd5 Bg3 47.
Rc8 Bc7 (47... Rc7 48. Re8) 48. Kg4 Kf6 49. Rh8 Kg7 50. f6+ $1 Kxf6 51. Rxh6+
Ke5 (51... Kg7 52. Rc6 f6 $6 53. Be6 $18) 52. Kf3 Bd6 53. Rh8 Kf6 54. Rg8 Rc7
55. Bc4 Rb7 56. Kg4 Re7 57. Bd5 Rc7 58. Rg5 Re7 59. h5 $18 Re5 60. Rg8 Ke7 61.
h6 f5+ 62. Kh4 Kd7 63. h7 Be7+ 64. Kg3 Bf6 65. h8=Q Bxh8 66. Rxh8 fxe4 67. Bc4
1-0

[Event "Belgrade GMA op"]
[Site "Belgrade"]
[Date "1988.??.??"]
[Round "?"]
[White "Ruban, Vadim"]
[Black "Dokhoian, Yury"]
[Result "1/2-1/2"]
[WhiteElo "2395"]
[BlackElo "2520"]
[Annotator "Dautov,R"]
[PlyCount "57"]
[EventDate "1988.12.??"]
[EventType "swiss"]
[EventRounds "9"]
[EventCountry "YUG"]
[SourceTitle "TD"]
[Source "ChessBase"]
[SourceDate "1994.03.01"]
[SourceVersion "1"]
[SourceVersionDate "1994.03.01"]
[SourceQuality "1"]

1. d4 Nf6 2. c4 e6 3. Nf3 b6 4. g3 Ba6 5. b3 Bb7 6. Bg2 Bb4+ 7. Bd2 c5 $5 8.
O-O O-O 9. dxc5 bxc5 $1 10. Bf4 (10. Be3 d6 $1 11. a3 Ba5 $10) 10... d5 11. Ne5
Nc6 $1 12. cxd5 $6 (12. Nd3 $5 Qb6 (12... dxc4 13. bxc4 Qd4 $6 14. Nxb4 $1 Qxd1
$8 15. Rxd1 cxb4 16. a3 $14) 13. a3 Ba5 $13) 12... Nxe5 (12... Nxd5 13. Nxc6
Bxc6 14. Be5 $14) (12... exd5 13. Nd3 $13) 13. Bxe5 exd5 $1 $10 14. Bc3 (14.
Nc3 $2 Ng4 $19) (14. Nd2 $6 Re8 $15) 14... Qe7 15. a3 $1 (15. Bxb4 cxb4 {><c3})
15... Bxc3 16. Nxc3 Rad8 17. Qc2 Rfe8 18. Na4 Rc8 (18... Qxe2 $2 19. Qxe2 Rxe2
20. Nxc5 $16 {_|_}) 19. Rfe1 $1 (19. e3 d4 $1 $17) (19. Rfc1 c4 20. e3 d4 $3
21. Bxb7 Qxb7 22. exd4 cxb3 $17) 19... c4 20. b4 $5 d4 (20... a5 21. Nc5 axb4
22. axb4 Bc6 23. e3 $10) 21. Nc5 $1 (21. Bxb7 Qxb7 22. Nc5 Qd5 {/\ Ne4-/+})
21... Bxg2 22. Kxg2 Nd7 $10 (22... Rxc5 $6 23. bxc5 Qxc5 24. Rac1 $1 c3 25. Qd3
$1 {/\ e3+/-} (25. e3 $4 Qd5+ 26. Kg1 d3 27. Qxc3 d2 $19 {Ruban,V})) 23. Qxc4
Nxc5 24. bxc5 Qxc5 25. Qxc5 Rxc5 26. Rad1 Rc3 27. Rxd4 Rxa3 28. Rd7 Ra2 $1 29.
Rc1 1/2-1/2

[Event "Ter Apel"]
[Site "Ter Apel"]
[Date "1995.??.??"]
[Round "2"]
[White "Epishin, Vladimir"]
[Black "Dautov, Rustem"]
[Result "1/2-1/2"]
[WhiteElo "2635"]
[BlackElo "2625"]
[Annotator "Dautov,R"]
[PlyCount "74"]
[EventDate "1995.03.??"]
[EventType "tourn"]
[EventRounds "5"]
[EventCountry "NED"]
[EventCategory "16"]
[SourceTitle "CBM 047"]
[Source "ChessBase"]
[SourceDate "1995.08.01"]
[SourceVersion "1"]
[SourceVersionDate "1995.08.01"]
[SourceQuality "1"]

1. d4 Nf6 2. c4 e6 3. Nf3 b6 4. g3 Ba6 5. b3 Bb4+ 6. Bd2 Be7 7. Bg2 c6 8. Bc3
d5 9. Ne5 Ne4 10. O-O Nxc3 11. Nxc3 O-O 12. Re1 Bb7 13. e4 dxc4 14. Nxc4 {N} (
14. bxc4) 14... b5 15. Ne5 Nd7 16. Nf3 Qa5 $5 (16... Qb6 {>=} 17. Qc2 Rac8 18.
a3 a5 $10) 17. Qc2 b4 (17... Rac8 18. a3 Qb6 (18... Bxa3 19. Nb1 b4 20. Nxa3
bxa3 21. b4 $1 $16) 19. b4 a5 20. Qb2 $14 {/\e5,Ne4}) 18. Na4 c5 19. d5 exd5
20. exd5 Bf6 21. Rad1 Rae8 (21... Rad8 $5) 22. d6 Qb5 $2 (22... g6 $142 $1 23.
Ne5 (23. Qd3 Bc6) (23. Nd2 Bxg2 24. Kxg2 Qa6 25. Nc4 Qc6+ 26. f3 Bd4 $10) 23...
Bxe5 24. Bxb7 Bd4 $10) 23. Nb2 Bxf3 24. Bxf3 Bd4 (24... Rxe1+ 25. Rxe1 Ne5 (
25... Bxb2 26. Qxb2 Qd3 27. Qe2 $1 Qxd6 28. Rd1 Qe6 29. Qxe6 fxe6 30. Bg4 $16)
26. Bg2 (26. Bd5 Rd8 27. Qf5 $16) 26... Rd8 27. Qf5 $1 $16 (27. Rd1 $2 Qa6 $1
$10)) 25. Nc4 $16 Nb6 $6 26. Re7 Nxc4 27. bxc4 $18 Qb6 (27... Qa6 28. Rxe8 Rxe8
29. d7 Rd8 30. Re1 $18) 28. Rde1 $2 (28. Rxd4 $142 cxd4 29. c5 Qa6 (29... Qb5
30. Be2) (29... d3 30. Qc4 Rc8 (30... Qa5 $2 31. Qxf7+ $18) 31. cxb6 Rxc4 32.
bxa7 d2 33. d7 Rc1+ 34. Kg2 Re1 35. a8=Q Rxa8 36. Bxa8 $18) 30. Be2 Qc6 (30...
Qa5 31. Rxe8 Rxe8 32. d7 Rd8 33. c6 Qc7 34. Bf3 a5 35. Qc4 $18) 31. Rc7 Qd5 32.
d7 Rd8 33. c6 $18) (28. Rxe8 $142 Rxe8 29. d7 Rd8 30. Re1 g6 31. Re8+ Kg7 32.
Qa4 Bf6 33. Qc6 Qxc6 34. Bxc6 $18 {/\Kf1-e2-...a4-b5}) 28... Rd8 29. Bd5 (29.
d7 {>=} Bf6 (29... Qd6 30. Bg4 g6 31. Re8 $16) 30. Re8 Rxd7 31. Rxf8+ Kxf8 32.
Qxh7 g6 33. Qh6+ Bg7 34. Qe3 Bc3 $1 (34... Rd8 35. Qe7+ Kg8 36. Bd5 Rf8 37. Re3
$16) 35. Qe8+ Kg7 36. Qxd7 Bxe1 $10) 29... Qxd6 30. Rxa7 Rd7 $10 31. Qa4 Rxa7
32. Qxa7 Qf6 33. Re2 g6 34. Kg2 h5 35. h4 Qf5 36. Qe7 Qf6 37. Qd7 Kg7 1/2-1/2

[Event "NED-ch50"]
[Site "Amsterdam"]
[Date "1995.06.19"]
[Round "9"]
[White "Van der Sterren, Paul"]
[Black "Nijboer, Friso"]
[Result "1/2-1/2"]
[WhiteElo "2560"]
[BlackElo "2510"]
[Annotator "Dautov,R"]
[PlyCount "60"]
[EventDate "1995.06.09"]
[EventType "tourn"]
[EventRounds "11"]
[EventCountry "NED"]
[EventCategory "11"]
[SourceTitle "CBM 048"]
[Source "ChessBase"]
[SourceDate "1995.10.01"]
[SourceVersion "1"]
[SourceVersionDate "1995.10.01"]
[SourceQuality "1"]

1. d4 Nf6 2. c4 e6 3. Nf3 b6 4. g3 Ba6 5. b3 Bb7 6. Bg2 Bb4+ 7. Bd2 c5 8. O-O
O-O 9. Bxb4 cxb4 10. Qd3 d6 11. Nbd2 a5 $1 (11... Qc7 12. Ne1 $1 (12. e4 e5 13.
Ne1 Nc6 14. Nc2 a5 15. Rfe1 Rfe8 $5 16. h3 Nxd4 17. Nxd4 exd4 18. Qxd4 Qc5 19.
Qd3 Re6 20. Re3 Rae8 21. Rae1 h6 $10 {/\Bc6,b5-Vyzmanavin,A}) 12... Bxg2 (12...
Nc6 13. f4 $1) 13. Nxg2 Nc6 14. f4 $1 d5 {Ruban,V-Kiselev,S/Russia (ch) 1994} (
14... e5 $6 15. fxe5 dxe5 16. Rxf6 $1 gxf6 17. Ne4 $40) (14... Nd7 15. e4 $16)
15. Ne1 $1 $14 {/\Nef3-Ruban}) 12. e4 (12. Rad1 Qc7 13. e4 e5 14. Nh4 Nc6 15.
d5 Ne7 16. Bh3 Ng6 17. Nxg6 hxg6 $10 {Gruenberg,H_U.-Hjartarson,J Novi Sad(ol)
1990}) (12. Ne1 Bxg2 13. Nxg2 Nc6 14. d5 (14. f4 d5 $10) (14. e4 e5 $10) 14...
exd5 15. cxd5 Ne5 16. Qd4 Rc8 17. f4 Ned7 18. e4 Re8 19. Rfe1 Qc7 $132) 12...
e5 13. Ne1 Nc6 14. Nc2 Nd7 $1 (14... Qc7) 15. Rad1 Re8 16. Rfe1 Nxd4 (16...
exd4 17. Nxd4 Nc5 18. Nxc6 Nxd3 19. Nxd8 Raxd8 20. Re3 Nc5 $10) 17. Nxd4 Nc5
18. Qe3 exd4 19. Qxd4 a4 $10 20. Re3 Qf6 $5 (20... axb3 21. axb3 Ra2 (21... Ra3
$5) 22. Nf1 Re6 $132 {><b3,e4}) 21. Nf1 (21. Qxf6 gxf6 22. Nf1 axb3 23. axb3
Bxe4 (23... Red8 $5 {/\Kf8-e7}) 24. Rxd6 Bxg2 25. Rxe8+ (25. Kxg2 Rxe3 26. Nxe3
Rb8 27. Nd5 Nxb3 28. Nxb4 Na5 $10) 25... Rxe8 26. Kxg2 Re6 $10) 21... Qxd4 22.
Rxd4 axb3 23. axb3 Red8 24. Rd1 (24. f4 Ra3 25. Nd2 (25. e5 Bxg2 26. Kxg2 Rxb3
27. Rxb3 Nxb3 28. Rxd6 Rxd6 29. exd6 Nc5 $15) 25... Ne6 26. Rdd3 Nc5 27. Rd4
Ne6 $10) 24... f6 25. g4 Ra3 26. h3 Bc6 (26... Rxb3 27. Rxb3 Nxb3 28. Rb1 Nc5
29. Rxb4 Bxe4 30. Rxb6 $10) 27. Rb1 Rda8 (27... b5 28. Nd2 Ra2 29. Rd1 $10 {
/\Bf1}) (27... Kf7 28. Ng3 g6 29. Ne2 $10) 28. Rd1 Rd8 29. Rb1 Rda8 30. Rd1 Rd8
1/2-1/2

[Event "Altensteig"]
[Site "Altensteig"]
[Date "1995.??.??"]
[Round "1"]
[White "Dautov, Rustem"]
[Black "Hracek, Zbynek"]
[Result "1/2-1/2"]
[WhiteElo "2620"]
[BlackElo "2635"]
[Annotator "Dautov,R"]
[PlyCount "48"]
[EventDate "1995.08.??"]
[EventType "tourn"]
[EventRounds "11"]
[EventCountry "GER"]
[EventCategory "12"]
[SourceTitle "CBM 049"]
[Source "ChessBase"]
[SourceDate "1995.12.01"]
[SourceVersion "1"]
[SourceVersionDate "1995.12.01"]
[SourceQuality "1"]

1. d4 Nf6 2. c4 e6 3. Nf3 b6 4. g3 Ba6 5. b3 Bb4+ 6. Bd2 Be7 7. Bg2 c6 8. Bc3
d5 9. Ne5 Nfd7 10. Nxd7 Nxd7 11. Nd2 Rc8 12. O-O O-O 13. e4 b5 14. Re1 bxc4 15.
bxc4 dxc4 16. Qa4 Bb5 17. Qc2 Re8 $1 {/\Bf8,e5} 18. a4 (18. Rad1 $6 Nb6 {/\Ba4}
) (18. Nf1 $5 Bf8 19. Ne3 e5 20. dxe5 Nxe5 (20... Nc5 $6 21. Red1 Nd3 22. Nxc4
$1 Bxc4 23. Bf1 $16) 21. Bxe5 Rxe5 22. a4 Ba6 23. Bf1 Bb4 24. Bxc4 $14) 18...
Ba6 19. Rad1 (19. Red1 Bf8 20. Qa2 c5 21. d5 exd5 22. exd5 Ne5 23. Bxe5 Rxe5
24. Nxc4 Re8 25. Rac1 Qf6 26. Bf1 Rb8 $15 {Rausis-Gurevich,M/Cap d'Agde/1994})
19... Bf8 20. Qa2 (20. Bf1 $6 c5 21. d5 exd5 22. exd5 Rxe1 23. Rxe1 Nb6 $17)
20... c5 21. d5 exd5 22. exd5 Rxe1+ 23. Rxe1 Nb6 24. Ba5 Qd7 (24... Qf6 25. Ne4
$1 {Hracek} (25. Bxb6 Qxb6 26. Nxc4 (26. Rb1 $6 Qg6 $15) 26... Qb4 27. Rc1 Re8
28. Ne3 $10 {/\Bf1}) 25... Qg6 26. Nc3 Rb8 27. Bf1 $10) (24... Rb8 $5 25. Bxb6
Rxb6 (25... Qxb6 26. Rb1 Qc7 27. Rxb8 Qxb8 28. Nxc4 Qb4 29. Bf1 $10) 26. Nxc4
Rb4 (26... Bxc4 27. Qxc4 $10) 27. Ne5 $10) (24... Qd7 25. Bxb6 axb6 26. Nxc4
Bxc4 27. Qxc4 Ra8 (27... Re8 28. Rb1 Ra8 29. Rb5 Ra5 30. Rxa5 bxa5 $10) 28. Re4
Re8 $10) 1/2-1/2